Corporate financial management / (Record no. 165343)

MARC details
000 -LEADER
fixed length control field 00742cam a22002534a 4500
008 - FIXED-LENGTH DATA ELEMENTS--GENERAL INFORMATION
fixed length control field
020 ## - INTERNATIONAL STANDARD BOOK NUMBER
International Standard Book Number 027365148X (pbk.)
049 ## - LOCAL HOLDINGS (OCLC)
Holding library MAIN
090 ## - LOCALLY ASSIGNED LC-TYPE CALL NUMBER (OCLC); LOCAL CALL NUMBER (RLIN)
Classification number (OCLC) (R) ; Classification number, CALL (RLIN) (NR) HG4026
Local cutter number (OCLC) ; Book number/undivided call number, CALL (RLIN) ARN
003 - CONTROL NUMBER IDENTIFIER
control field
005 - DATE AND TIME OF LATEST TRANSACTION
control field 20230123134414.0
040 ## - CATALOGING SOURCE
Transcribing agency NUST
100 1# - MAIN ENTRY--PERSONAL NAME
Personal name Arnold, Glen.
245 10 - TITLE STATEMENT
Title Corporate financial management /
Statement of responsibility, etc. Glen Arnold.
260 ## - PUBLICATION, DISTRIBUTION, ETC.
Place of publication, distribution, etc. New York :
Name of publisher, distributor, etc. Financial Times, Prentice Hall,
Date of publication, distribution, etc. 1998.
300 ## - PHYSICAL DESCRIPTION
Extent xxi, 1050 p. :
Other physical details ill. ;
Dimensions 25 cm.
504 ## - BIBLIOGRAPHY, ETC. NOTE
Bibliography, etc. note Includes bibliographical references.
500 ## - GENERAL NOTE
General note Incudes index.
650 #0 - SUBJECT ADDED ENTRY--TOPICAL TERM
Topical term or geographic name entry element Corporate financial management.
650 #0 - SUBJECT ADDED ENTRY--TOPICAL TERM
Topical term or geographic name entry element Corporation Finance.
650 ## - SUBJECT ADDED ENTRY--TOPICAL TERM
Topical term or geographic name entry element Finance.
907 ## - LOCAL DATA ELEMENT G, LDG (RLIN)
a .b10214902
b 09-05-13
c 20-09-06
942 ## - ADDED ENTRY ELEMENTS (KOHA)
Koha item type Ordinary Loan Books
Call number prefix HG4026
Call number suffix ARN
Holdings
Date last seen Total Checkouts Full call number Barcode Cost, replacement price Price effective from Koha item type Lost status Source of classification or shelving scheme Damaged status Not for loan Collection Withdrawn status Home library Current library Shelving location Date acquired Cost, normal purchase price
01/23/2023 2 HG4026 ARN 92004005280 80.00 01/23/2023 BOOKS   LCC     NFIC   MAIN MAIN GEN 01/23/2023 80.00